00410nam a2200193Ia 4500003000900000008004100009040001300050040001300063041000800076100001700084245003100101250000900132260002100141260000900162300001100171300001000182490001600192490000800208IT-RoPAU120407s9999 xx 000 0 und d aIT-RoPAU cIT-RoPAU aita aNicola Fusco aTestimonianze francescane. aBari aEdizioni Paoline c1956 a115 p. c17 cm aGens sancta v122